000 00369nam a2200121 4500
999 _c15064
_d15064
008 200304b ||||| |||| 00| 0 eng d
100 _941768
_aAmethyst, Lyka.
_eAuthor.
245 _aAgri-economic zones/
_cLyka Amethyst.
260 _aDavao City, Philippines:
_bSunstar Davao,
_c©2019.
300 _apage 8;
_c29.5cm.
650 _aAgriculture.
_941770
942 _2ddc
_cPER